| 000 -CABECERA |
| campo de control de longitud fija |
01470nam a22002297a 4500 |
| 005 - FECHA Y HORA DE LA ÚLTIMA TRANSACCIÓN |
| campo de control |
20251215162106.0 |
| 008 - DATOS DE LONGITUD FIJA--INFORMACIÓN GENERAL |
| campo de control de longitud fija |
251215b ||||fr|||| 00| 0 eng d |
| 020 ## - NÚMERO INTERNACIONAL ESTÁNDAR DEL LIBRO |
| ISBN |
978-9972-2760--3-3 |
| 040 ## - FUENTE DE LA CATALOGACIÓN |
| Centro catalogador/agencia de origen |
CENDOC CAAAP |
| Lengua de catalogación |
spa |
| Centro/agencia transcriptor |
CAAAP |
| 041 ## - CÓDIGO DE LENGUA |
| Código de lengua del texto/banda sonora o título independiente |
spa |
| 050 ## - SIGNATURA TOPOGRÁFICA DE LA BIBLIOTECA DEL CONGRESO |
| Número de clasificación |
KHF 3440 |
| Número de documento/Ítem |
.D47 |
| 110 1# - ENTRADA PRINCIPAL--NOMBRE DE ENTIDAD CORPORATIVA |
| 9 (RLIN) |
5718 |
| Nombre de entidad corporativa o nombre de jurisdicción como elemento de entrada |
Derecho Ambiente y Recursos Naturales |
| 245 1# - MENCIÓN DE TÍTULO |
| Título |
Diagnóstico Situacional del Nivel de Cumplimiento de los Compromisos Asumidos por el Gobierno del Perú en el ámbito del Proyecto Camisea / |
| Mención de responsabilidad, etc. |
Derecho Ambiente y Recursos Naturales |
| 250 ## - MENCIÓN DE EDICIÓN |
| Mención de edición |
1ra edición |
| 260 #1 - PUBLICACIÓN, DISTRIBUCIÓN, ETC. |
| Lugar de publicación, distribución, etc. |
Lima, Perú : |
| Nombre del editor, distribuidor, etc. |
Derecho Ambiente y Recursos Naturales; |
| Fecha de publicación, distribución, etc. |
2007 |
| 300 ## - DESCRIPCIÓN FÍSICA |
| Extensión |
250 páginas ; |
| Dimensiones |
24 x 17 cm |
| 520 ## - NOTA DE RESUMEN |
| Ampliación de la nota de sumario |
Este diagnóstico analiza el nivel de cumplimiento de los compromisos asumidos por el Estado peruano en el marco del Proyecto Camisea. El informe revisa los antecedentes, la metodología aplicada y las dificultades encontradas, además de evaluar los mecanismos de acceso a la información pública. Incluye un análisis detallado del avance de los 21 compromisos, conclusiones y recomendaciones orientadas a fortalecer la transparencia, la gestión ambiental y la rendición de cuentas en proyectos energéticos de gran impacto. |
| 650 #0 - PUNTO DE ACCESO ADICIONAL DE MATERIA--TÉRMINO DE MATERIA |
| 9 (RLIN) |
3270 |
| Término de materia o nombre geográfico como elemento de entrada |
Derecho ambiental |
| Subdivisión de forma |
Política ambiental |
| Subdivisión geográfica |
Perú |
| 650 #0 - PUNTO DE ACCESO ADICIONAL DE MATERIA--TÉRMINO DE MATERIA |
| 9 (RLIN) |
5028 |
| Término de materia o nombre geográfico como elemento de entrada |
Gas |
| Subdivisión de forma |
Impacto ambiental |
| Subdivisión general |
Proyectos energéticos |
| Subdivisión geográfica |
Perú |
| 856 ## - LOCALIZACIÓN Y ACCESO ELECTRÓNICOS |
| Identificador Uniforme del Recurso |
<a href="https://dar.org.pe/archivos/publicacion/27_21_compromisos.pdf">https://dar.org.pe/archivos/publicacion/27_21_compromisos.pdf</a> |
| 942 ## - ELEMENTOS PERSONALIZADOS KOHA |
| Fuente del sistema de clasificación o colocación |
|
| Fecha de catalogación |
DD - MM - AA |